| 000 | 00723nam a22001575i 4500 | ||
|---|---|---|---|
| 001 | 171144 | ||
| 003 | ES-MaACL | ||
| 005 | 20230906214542.0 | ||
| 008 | 090430s1877 sp |||| | spa d | ||
| 100 | 1 |
_aCuartero, Manuel. _9126653 |
|
| 245 | 1 | 3 |
_aEl amor propio _b: comedia en un acto, en verso / _coriginal de Manuel Cuartero. |
| 260 |
_aMadrid : _b[s.n.], _c1877 ( _fImp. de García y Caravera) |
||
| 300 |
_a23 p. ; _c18 cm. |
||
| 500 | _aEn port.: Representada con gran aplauso en Madrid en el teatro de Cervantes el 5 de enero de 1877. | ||
| 852 |
_aES-MaACL _jF-8587(12) _z.- Enc. pasta española _q. - Falto de la cub. original _z- Enc. en un vol. facticio formando parte de la col. "Teatro español moderno", vol. 40 |
||
| 999 |
_c171144 _d171144 |
||